Huis clos. Les Mouches

Enregistré dans:
Détails bibliographiques
Auteur principal: Sartre, Jean-Paul
Format: Livre
Langue:Undetermined
Publié: París, Francia Gallimard 1947
Sujets:
Tags: Ajouter un tag
Pas de tags, Soyez le premier à ajouter un tag!

MARC

LEADER 00000nam a2200000Ia 4500
008 170316s9999 xx 000 0 und d
040 |a cru BVZT 
090 |a 840 S-10h 
100 |a Sartre, Jean-Paul 
245 |a Huis clos. Les Mouches 
260 |a París, Francia 
260 |b Gallimard 
260 |c 1947 
300 |a 191 páginas 
650 |a LITERATURA FRANCESA 
650 |a TEATRO EN FRANCÉS 
999 |c 7963  |d 7963 
942 |c 15 D  |h 840 S-10h  |2 z